<?xml version="1.0" encoding="UTF-8"?>
<record
    xmlns:xsi="http://www.w3.org/2001/XMLSchema-instance"
    xsi:schemaLocation="http://www.loc.gov/MARC21/slim http://www.loc.gov/standards/marcxml/schema/MARC21slim.xsd"
    xmlns="http://www.loc.gov/MARC21/slim">

  <leader>02664nam a22005417a 4500</leader>
  <controlfield tag="001">42835</controlfield>
  <controlfield tag="003">gtgccic</controlfield>
  <controlfield tag="005">20250804111631.0</controlfield>
  <controlfield tag="007">ta</controlfield>
  <controlfield tag="008">250801b        mx ||||| |||| 00| 0 spa d</controlfield>
  <datafield tag="020" ind1=" " ind2=" ">
    <subfield code="a">9682459435</subfield>
  </datafield>
  <datafield tag="028" ind1=" " ind2=" ">
    <subfield code="b">158</subfield>
  </datafield>
  <datafield tag="040" ind1=" " ind2=" ">
    <subfield code="a">gtgccic</subfield>
    <subfield code="b">spa</subfield>
    <subfield code="c">gtgccic</subfield>
    <subfield code="d">gtgccic</subfield>
    <subfield code="e">rda</subfield>
  </datafield>
  <datafield tag="082" ind1=" " ind2=" ">
    <subfield code="a">691 P438</subfield>
  </datafield>
  <datafield tag="100" ind1="1" ind2=" ">
    <subfield code="a">Vicente P&#xE9;rez Alam&#xE1;</subfield>
    <subfield code="c">Arquitecto</subfield>
    <subfield code="e">Autor</subfield>
    <subfield code="q">Exprofesor de la Facultad de Arquitectura de la UNAM</subfield>
  </datafield>
  <datafield tag="245" ind1=" " ind2=" ">
    <subfield code="a">Materiales y procedimientos de construcci&#xF3;n :</subfield>
    <subfield code="b">Apoyos aislados y corridos /</subfield>
    <subfield code="c">Arq. P&#xE9;rez Alam&#xE1;, Vicente</subfield>
  </datafield>
  <datafield tag="264" ind1=" " ind2=" ">
    <subfield code="a">M&#xE9;xico :</subfield>
    <subfield code="b">Editorial Trillas ;</subfield>
    <subfield code="c">2000.</subfield>
  </datafield>
  <datafield tag="300" ind1=" " ind2=" ">
    <subfield code="a">160 p. :</subfield>
    <subfield code="b">il. ;</subfield>
    <subfield code="c">27 cm</subfield>
  </datafield>
  <datafield tag="336" ind1=" " ind2=" ">
    <subfield code="2">rdacontenido</subfield>
    <subfield code="a">texto</subfield>
    <subfield code="b">txt</subfield>
  </datafield>
  <datafield tag="337" ind1=" " ind2=" ">
    <subfield code="2">rdamedio</subfield>
    <subfield code="a">sin mediaci&#xF3;n</subfield>
    <subfield code="b">n</subfield>
  </datafield>
  <datafield tag="338" ind1=" " ind2=" ">
    <subfield code="2">rdasoporte</subfield>
    <subfield code="a">volumen</subfield>
    <subfield code="b">nc</subfield>
  </datafield>
  <datafield tag="505" ind1=" " ind2=" ">
    <subfield code="t">Cap. 1. APOYOS CORRIDOS, MUROS</subfield>
  </datafield>
  <datafield tag="505" ind1=" " ind2=" ">
    <subfield code="t">1.1. M&#xD3;DULO DE ELASTICIDAD</subfield>
  </datafield>
  <datafield tag="505" ind1=" " ind2=" ">
    <subfield code="t">1.2. M&#xD3;DULO DE CORTANTE DE LA MAMPOSTER&#xCD;A</subfield>
  </datafield>
  <datafield tag="505" ind1=" " ind2=" ">
    <subfield code="t">1.3. FUERZA CORTANTE RESISTIDA POR LA MAMPOSTER&#xCD;A</subfield>
  </datafield>
  <datafield tag="505" ind1=" " ind2=" ">
    <subfield code="t">1.4. RESISTENCIA A FLEXOCOMPRESI&#xD3;N EN EL PLANO DEL MURO</subfield>
  </datafield>
  <datafield tag="505" ind1=" " ind2=" ">
    <subfield code="t">1.5. MAMPOSTER&#xCD;A DE PIEDRAS NATURALES</subfield>
  </datafield>
  <datafield tag="505" ind1=" " ind2=" ">
    <subfield code="t">1.6. MAMPOSTER&#xCD;A DE PIEDRAS ARTIFICIALES</subfield>
  </datafield>
  <datafield tag="505" ind1=" " ind2=" ">
    <subfield code="t">1.7. FLEXOCOMPRESI&#xD3;N EN EL PLANO DEL MURO</subfield>
  </datafield>
  <datafield tag="505" ind1=" " ind2=" ">
    <subfield code="t">Cap. 2.  MUROS DE CARGA</subfield>
  </datafield>
  <datafield tag="505" ind1=" " ind2=" ">
    <subfield code="t">2.1. MUROS DE PIEDRA</subfield>
  </datafield>
  <datafield tag="505" ind1=" " ind2=" ">
    <subfield code="t">2.2. MUROS DE TABIQUE</subfield>
  </datafield>
  <datafield tag="505" ind1=" " ind2=" ">
    <subfield code="t">2.3. MUROS DE CONCRETO</subfield>
  </datafield>
  <datafield tag="505" ind1=" " ind2=" ">
    <subfield code="t">2.4. MUROS DE SILLARES</subfield>
  </datafield>
  <datafield tag="505" ind1=" " ind2=" ">
    <subfield code="t">2.5. MUROS DE CONTENCI&#xD3;N O SOSTENIMIENTO</subfield>
  </datafield>
  <datafield tag="505" ind1=" " ind2=" ">
    <subfield code="t">2.6. MUROS DIVISORIOS</subfield>
  </datafield>
  <datafield tag="505" ind1=" " ind2=" ">
    <subfield code="t">Cap. 3.  APOYOS AISLADOS (COLUMNAS)</subfield>
  </datafield>
  <datafield tag="505" ind1=" " ind2=" ">
    <subfield code="t">3.1. COLUMNAS DE PIEDRA
</subfield>
  </datafield>
  <datafield tag="505" ind1=" " ind2=" ">
    <subfield code="t">3.2. COLUMNAS DE TABIQUE</subfield>
  </datafield>
  <datafield tag="505" ind1=" " ind2=" ">
    <subfield code="t">3.3. COLUMNA DE CONCRETO ARMADO</subfield>
  </datafield>
  <datafield tag="505" ind1=" " ind2=" ">
    <subfield code="t">3.4. COLUMNAS DE MADERA</subfield>
  </datafield>
  <datafield tag="505" ind1=" " ind2=" ">
    <subfield code="t">3.5. COLUMNAS DE ACERO</subfield>
  </datafield>
  <datafield tag="520" ind1=" " ind2=" ">
    <subfield code="a">Este libro est&#xE1; dirigido, a estudiantes, constructores, maestros, arquitectos e ingenieros en el ejercicio de su profesi&#xF3;n; en &#xE9;l se completa todo lo relacionado con los apoyos aislados y corridos (columnas y muros respectivamente).  La obra ofrece un panorama completo de la construcci&#xF3;n en el sentido de la estructura propiamente, el sostenimiento de la misma y el proceso constructivo m&#xE1;s sencillo y pr&#xE1;tico para su ejecuci&#xF3;n.
Al final de cada cap&#xED;tulo se exponen ejercicios ilustrativos y su soluci&#xF3;n, para aclarar dudas y ofrecer un mayor entendimiento para el lector, adem&#xE1;s el procedimiento adoptado por el autor, utilizando los croquis de construcci&#xF3;n, ofrecen la expresi&#xF3;n m&#xE1;s caracter&#xED;sitca y los detalles m&#xE1;s t&#xED;picos.</subfield>
  </datafield>
  <datafield tag="650" ind1=" " ind2=" ">
    <subfield code="a">MATERIALES DE CONSTRUCCI&#xD3;N</subfield>
  </datafield>
  <datafield tag="650" ind1=" " ind2=" ">
    <subfield code="a">MUROS DE SEGURIDAD</subfield>
  </datafield>
  <datafield tag="942" ind1=" " ind2=" ">
    <subfield code="2">ddc</subfield>
    <subfield code="c">BK</subfield>
    <subfield code="n">0</subfield>
  </datafield>
  <datafield tag="945" ind1=" " ind2=" ">
    <subfield code="a">amlo</subfield>
  </datafield>
  <datafield tag="999" ind1=" " ind2=" ">
    <subfield code="c">762</subfield>
    <subfield code="d">762</subfield>
  </datafield>
  <datafield tag="952" ind1=" " ind2=" ">
    <subfield code="0">0</subfield>
    <subfield code="1">0</subfield>
    <subfield code="2">ddc</subfield>
    <subfield code="4">0</subfield>
    <subfield code="7">0</subfield>
    <subfield code="a">CICON</subfield>
    <subfield code="b">CICON</subfield>
    <subfield code="c">GEN</subfield>
    <subfield code="d">2025-08-01</subfield>
    <subfield code="e">compra</subfield>
    <subfield code="i">8.3.01.H.10474/2002</subfield>
    <subfield code="l">0</subfield>
    <subfield code="o">691 P438</subfield>
    <subfield code="p">Cicon8.3.01.H.10474/</subfield>
    <subfield code="r">2025-08-01 15:42:35</subfield>
    <subfield code="t">1</subfield>
    <subfield code="w">2025-08-01</subfield>
    <subfield code="y">BK</subfield>
  </datafield>
</record>
